LEADER 01119naa a2200217 u 4500 001 000000097448 003 CaOOAMICUS 005 20070226130150.0 008 050503s1977 it u000 u ita u 035 $a11044484 040 $aIAR$bita 100 1 $aConsolino, Franca Ela.$0(OLS)http://pul/name/14103 245 11$a>Amor spiritualis< e linguaggio elegiaco nei >carmina< di Venenzio Fortunato /$cFranca Ela Consolino. 260 $aPisa :$bScuola Normale,$c1977. 300 $aS. 1351-1368 ;$c25 cm 600 14$aFortunatus, Venantius Honorius Clementianus,$dca. 540-ca. 600.$0(OLS)http://pul/subject/30867 730 0 $aAnnali della Scuola normale superiore di Pisa, Classe di lettere e filosofia$g[Spogli].$0(OLS)http://pul/title/24292 773 0 $tAnnali della Scuola Normale Superiore di Pisa$gSerie III, vol. VII,4 (1977). 773 0 $tAnnali della Scuola normale superiore di Pisa, Classe di lettere e filosofia$w()16982 996 $6245$a>Amor spiritualis< e linguaggio elegiaco nei >carmina< di Venenzio Fortunato$9(OLS)http://pul/title/124333 996 $6260$aPisa :$bScuola Normale$9(OLS)http://pul/publisher/79182 LEADER 01223nam a2200289 u 4500 001 000000056489 003 CaOOAMICUS 005 20070226120459.0 008 800910m19631965it u000 u ita u 035 $a10878963 040 $aPica$bdut$dPUL(R) 100 1 $aBerselli, Aldo,$d1916-$0(OLS)http://pul/name/39626 245 13$aLa destra storica dopo l'Unità /$cAldo Berselli. 260 $a[Bologna] :$bIl Mulino,$c1963-1965. 300 $a2 v. ;$c22 cm 490 1 $aSaggi ;$v41 504 $aIncludes bibliographical references. 505 0 $av.1: L'idea liberale e la Chiesa cattolica -- v.2: Italia legale e Italia reale 830 0$aSaggi ;$v41.$0(OLS)http://pul/title/1603 850 $aPUL 852 $aPUL$W1$xSL Filosofia 1$y2$m115 F 25-26$j74095$nBK-PRI$b $qStampati$B74095$CPULBib$Z2$F74095 $H $81 852 $aPUL$W1$xSL Filosofia 1$y2$m115 F 25-26$j74095$nBK-PRI$b $qStampati$B74096$CPULBib$Z2$F74096 $H $81 941 1 $a8 961 $aINV: 31234-5 961 $aINV: 31234-5 996 $6245$aLa destra storica dopo l'Unità$9(OLS)http://pul/title/75557 996 $6260$a[Bologna] :$bIl Mulino$9(OLS)http://pul/publisher/51012